000 00699nam a2200289Ia 4500
005 20260324140714.0
008 008 260324s9999 xx 000 0 eng d
020 _a9781315049816
037 _aEBOOK
040 _aCRL
040 _beng
040 _cCRL
041 _2eng
041 _aeng
084 _qCRL
100 _aJoe L. Kincheloe; Diana Coben
_91205421
245 0 _aRadical Heroes
245 0 _bGramsci, Freire and the Poitics of Adult Education
260 _bTaylor and Francis
260 _c1998
365 _a
365 _b230
856 _uhttp://www.taylorfrancis.com/books/9781315049816
942 _cEBOOK
999 _c1807763
_d1807763